Logo BPK

Biblioteka

Politechniki Koszalińskiej

Mechanika płynów / (Rekord nr 2958)

Szczegóły MARC
000 -ETYKIETA REKORDU
podpole kontrolne o stałej długości 00375nam a2200157 i 4500
001 - NUMER KONTROLNY REKORDU
pole kontrolne bg
040 ## - ŹRÓDŁO KATALOGOWANIA
Instytucja, która utworzyła rekord BPK
041 ## - KOD JĘZYKA
Kod języka tekstu pol
008 - POLE O STAŁEJ DŁUGOŚCI - DANE KONTROLNE
podpole kontrolne o stałej długości s pl f |000 0 pol
100 1# - NAZWA OSOBOWA
Nazwa osobowa KAZIMIERSKI, Z.
245 #0 - TYTUŁ/ODPOWIEDZIALNOŚĆ
Tytuł Mechanika płynów /
Pozostałe elementy strefy tytułu i oznaczenia odpowiedzialności Z. Kazimierski, Z. Orzechowski.
250 ## - STREFA WYDANIA
Oznaczenie wydania Wyd.5 zmien.
260 ## - STREFA ADRESU WYDAWNICZEGO
Miejsce wydania Łódź,
Data publikacji, dystrybucji/powstania dokumentu 1986.
700 1# - HASŁO DODATKOWE - NAZWA OSOBOWA
Nazwa osobowa ORZECHOWSKI, Z.
856 ## - LOKALIZACJA I DOSTĘP DO ELEKTRONICZNYCH DOKUMENTÓW ZDALNYCH
Link (URL) http://koha.tu.koszalin.pl/cgi-bin/koha/opac-detail.pl?biblionumber=2958
Tekst linku Katalog online BPK
942 ## - DODATKOWE ELEMENTY (KOHA)
Typ dokumentu Książka
Egzemplarze
Wycofany Status egzemplarza Uszkodzony Dostępność Lokalizacja stała Lokalizacja bieżąca Miejsce przechowywania Sygnatura Kod kreskowy Status: wypożyczony Ostatnio wypożyczono Typ dokumentu
      Dostępny Biblioteka Politechniki Koszalińskiej Biblioteka Politechniki Koszalińskiej Wypożyczalnia BG P 35860 01426410 24.07.2026 24.02.2026 Książka
© 2023 Biblioteka Politechniki Koszalińskiej :: KOHA